|
|
|
|
| LEADER |
00974nam a2200253 a 4500 |
| 001 |
13026086 |
| 008 |
101012r20112004maua b 001 0 eng d |
| 010 |
|
|
|a 2002043781
|
| 020 |
|
|
|a 9788131717400
|
| 020 |
|
|
|a 0321133048
|
| 040 |
|
|
|a DLC
|c DLC
|d DLC
|d BD-DhAAL
|
| 082 |
0 |
0 |
|a 519.4
|2 21
|
| 100 |
1 |
|
|a Gerald, Curtis F.,
|d 1915-
|
| 245 |
1 |
0 |
|a Applied numerical analysis /
|c Curtis F. Gerald, Patrick O. Wheatley.
|
| 250 |
|
|
|a 7th ed.
|
| 260 |
|
|
|a Boston ;
|a New Delhi :
|b Pearson/Addison-Wesley,
|c c2004
|g (2011 printing).
|
| 300 |
|
|
|a x, 609 p. :
|b ill. ;
|c 25 cm.
|
| 504 |
|
|
|a Includes bibliographical references (p. 599-602) and index.
|
| 541 |
1 |
|
|e 00021284
|
| 650 |
|
0 |
|a Numerical analysis.
|
| 700 |
1 |
|
|a Wheatley, Patrick O.
|
| 852 |
4 |
|
|a Ayesha Abed Library
|j General Shelf.
|
| 999 |
|
|
|c 9772
|d 9772
|
| 952 |
|
|
|0 0
|1 0
|2 ddc
|4 0
|6 519_400000000000000_GER_2011
|7 0
|9 12443
|a BRACUL
|b BRACUL
|c GEN
|d 2010-10-13
|g 472.50
|l 10
|m 33
|o 519.4 GER
|p 3010021284
|r 2024-10-29
|s 2024-04-16
|t 1
|w 2010-10-13
|y BK
|